| 000 | 01190nam2a2200265 i 4500 | ||
|---|---|---|---|
| 001 | RU\NLR\BIBL_A\010922896 | ||
| 005 | 20240729015506.0 | ||
| 021 |
_aRU _b2015-91775 _95656 |
||
| 035 | _a(NILC)RuMoRGB-008081459 | ||
| 035 | _a(NLR Aleph) 010922896 | ||
| 090 |
_a10685199 _c10685199 |
||
| 100 | _a20151209d2012 um y0rusy50 ca | ||
| 101 | 0 | _arus | |
| 102 | _aRU | ||
| 105 | _aach|z|||000zy | ||
| 200 | 0 | _a7 | |
| 210 | _d2012 | ||
| 215 |
_a77, [2] с. _cил., портр., факс. |
||
| 320 | _aБиблиогр. в примеч. в конце очерков и в тексте | ||
| 461 | 0 |
_1001RU\NLR\BIBL_A\010986998 _12001#$aКимрская старина$eкраеведческие очерки$fВ. И. Коркунов, В. В. Коркунов$v7 _1700#1$aКоркунов$bВ. И.$f1941-$gВладимир Иванович _910908141 _aКоркунов, В. И. (1941-) _cКимры _d2012- _fВ. И. Коркунов, В. В. Коркунов _nКимрская типография _oкраеведческие очерки _tКимрская старина _v7 |
|
| 801 | 0 |
_aRU _bРГБ _c20151126 _gRCR |
|
| 942 | _cBOOK | ||
| 980 | _aNBR | ||